000 01021cam a22003017a 4500
003 CHAP
005 20220329133305.0
008 971013s1990 r 00010 d
010 _a4389
011 _a5361
035 _a4568
040 _cCHAP
090 _aFolleto 12625 v.22
110 _aVeracruz. Gobierno del Estado. Programa Estatal de Solidaridad
_9118823
245 0 _aCartilla de apoyo a la producción
_b: alimentación de bovinos
260 _aVeracruz, Ver. :
_bGobierno del Estado de Veracruz,
_c1990
300 _a5 p.
_b: ilus
590 _aBATCH-UPD
_b10
_c20130110
_lUCH01
_h1157
590 _aBATCH-UPD
_b10
_c20130410
_lUCH01
_h0740
590 _aBATCH-UPD
_b10
_c20130914
_lUCH01
_h1526
590 _aCONVERSION
_b10
_c20130109
_lUCH01
_h1304
650 1 4 _aGanado vacuno
_xAlimentación.
_945429
650 1 4 _aMelaza en alimentación animal.
_974315
650 1 4 _aUrea en alimentación animal.
_9116890
901 _aBK
942 _cFOLL
949 _aFolleto 12625 v.22
_bBC
_cFOLL
_d-14115
_eTS1
_i4568
_si
999 _c4389
_d4389